000 01324nam a2200313 i 4500
001 37051
003 ES-MaACL
005 20250826142135.0
007 t|
008 030220q1917 fr ||||1| fre d
245 0 3 _aLa Tchécoslovaquie :
_bconférences faites áa l'Union Française.
260 _aParis :
_bGeorges Cres et Cie.,
_c[1917?]
300 _a206 p. ;
_c18 cm.
490 1 _aBibliothèque de l'Union Française
505 8 _aContiene: La Tchécoslovaquie: la terre et les hommes / par Jean Brunhes . La Tchécoslovaquie économique / par Louis Eisenmann . La littérature tchécoslovaque / par H. Jelinek . L'art tchécoslovaque / par Camille Mauclair . Les français áa Prague / par Jean Pozzi
650 4 _aLiteratura checa-
_xHistoria y crítica.
_9172922
650 7 _aArte checo
_2embne
_9149798
650 4 _aFranceses-
_zChecoslovaquia.
_9172921
651 4 _aChecoslovaquia-
_xDescripción.
_9161809
651 4 _aChecoslovaquia-
_xSituación económica.
_9140368
700 1 _aBrunhes, Jean.
_932179
700 1 _aEisenmann, Louis.
_946860
700 1 _aJelinek, H.
_966279
700 1 _aMauclair, Camille,
_d1872-1945
_979178
700 1 _aPozzi, Jean.
_993561
830 1 _aBibliothèque de l'Union Française
_9229624
852 _aES-MaACL
_jG-3554
999 _c37051
_d37051